Kỹ thuật chế biến món ăn với mật ong

Gorde:
Xehetasun bibliografikoak
Egile nagusia: THIÊN NGA
Formatua: Liburua
Hizkuntza:Undetermined
Argitaratua: H. VHTT
Gaiak:
Etiketak: Etiketa erantsi
Etiketarik gabe, Izan zaitez lehena erregistro honi etiketa jartzen!
Thư viện lưu trữ: Trung tâm Học liệu Trường Đại học Cần Thơ
LEADER 00436nam a2200157Ia 4500
001 CTU_50056
008 210402s9999 xx 000 0 und d
082 |a 641 
082 |b K600 
100 |a THIÊN NGA 
245 0 |a Kỹ thuật chế biến món ăn với mật ong 
245 0 |c THIÊN NGA 
260 |a H. 
260 |b VHTT 
650 |a cookery, vietnamese 
980 |a Trung tâm Học liệu Trường Đại học Cần Thơ